Footballeurs maghrébins (par images). - Statistiques

Statistiques générales
  • Ce quiz a été pris 261 fois
  • Le résultat moyen est 7 sur 16
Statistiques - réponses
Par images Réponse % Correct
Achraf Hakimi
99%
Riyad Mahrez
97%
Yassine Bounou
81%
Hakim Ziyech
80%
Islam Slimani
77%
Wahbi Khazri
61%
Ismaël Bennacer
49%
Rabah Madjer
49%
Raïs M'Bolhi
37%
Baghdad Bounedjah
30%
Mustapha Hadji
23%
Ellyes Skhiri
22%
Lakhdar Belloumi
10%
Hatem Trabelsi
7%
Badou Zaki
5%
Mohamed Timoumi
3%
Aucun quiz correspondant
Distribution des résultats
% des personnes avec chaque résultat
Percentile par nombre de réponses
Votre historique - résultats
Vous n’avez pas pris ce quiz